<?xml version="1.0" encoding="UTF-8"?>
<record
    xmlns:xsi="http://www.w3.org/2001/XMLSchema-instance"
    xsi:schemaLocation="http://www.loc.gov/MARC21/slim http://www.loc.gov/standards/marcxml/schema/MARC21slim.xsd"
    xmlns="http://www.loc.gov/MARC21/slim">

  <leader>06856nam a2200517 a 4500</leader>
  <controlfield tag="001">dia_708</controlfield>
  <controlfield tag="003">CHAP</controlfield>
  <controlfield tag="005">20250618133731.0</controlfield>
  <controlfield tag="007">ta</controlfield>
  <controlfield tag="008">220117s2001    mx ad  frm    001 0 spa d</controlfield>
  <datafield tag="010" ind1=" " ind2=" ">
    <subfield code="a">171257</subfield>
  </datafield>
  <datafield tag="040" ind1=" " ind2=" ">
    <subfield code="c">CHAP</subfield>
    <subfield code="a">mxchpua</subfield>
  </datafield>
  <datafield tag="041" ind1="0" ind2=" ">
    <subfield code="a">spa</subfield>
    <subfield code="b">eng</subfield>
  </datafield>
  <datafield tag="090" ind1=" " ind2=" ">
    <subfield code="a">Tesis</subfield>
    <subfield code="b">E83</subfield>
    <subfield code="c">2001</subfield>
  </datafield>
  <datafield tag="100" ind1="1" ind2=" ">
    <subfield code="a">Escobedo Monje, Diana</subfield>
  </datafield>
  <datafield tag="245" ind1="1" ind2="0">
    <subfield code="a">Efecto de fertilizaci&#xF3;n y densidad de poblaci&#xF3;n sobre el contenido de lisina y triptofano de ma&#xED;ces de calidad prote&#xED;nica (MCP) /</subfield>
    <subfield code="c">Diana Escobedo Monje y Alberto Gonz&#xE1;lez Cruz</subfield>
  </datafield>
  <datafield tag="264" ind1=" " ind2=" ">
    <subfield code="a">Chapingo, M&#xE9;xico :</subfield>
    <subfield code="b">El autor,</subfield>
    <subfield code="c">2001</subfield>
  </datafield>
  <datafield tag="300" ind1=" " ind2=" ">
    <subfield code="a">vi, 59 hojas :</subfield>
    <subfield code="b">ilustraciones, tablas, gr&#xE1;ficas</subfield>
  </datafield>
  <datafield tag="336" ind1=" " ind2=" ">
    <subfield code="2">rdacontent</subfield>
    <subfield code="a">texto</subfield>
    <subfield code="b">txt</subfield>
  </datafield>
  <datafield tag="337" ind1=" " ind2=" ">
    <subfield code="2">rdamedia</subfield>
    <subfield code="a">no mediado</subfield>
    <subfield code="b">n</subfield>
  </datafield>
  <datafield tag="338" ind1=" " ind2=" ">
    <subfield code="2">rdacarrier</subfield>
    <subfield code="a">volumen</subfield>
    <subfield code="b">nc</subfield>
  </datafield>
  <datafield tag="502" ind1=" " ind2=" ">
    <subfield code="a">Tesis</subfield>
    <subfield code="b">(Ingeniero Agroindustrial) --</subfield>
    <subfield code="c">UACh. Departamento de Ingenier&#xED;a Agroindustrial,</subfield>
    <subfield code="d">2001</subfield>
  </datafield>
  <datafield tag="502" ind1=" " ind2=" ">
    <subfield code="a">Tesis</subfield>
    <subfield code="b">(Ingeniero Agr&#xF3;nomo Especialista en Fitotecnia) --</subfield>
    <subfield code="c">UACh. Departamento de Fitotecnia</subfield>
    <subfield code="d">2001</subfield>
  </datafield>
  <datafield tag="504" ind1=" " ind2=" ">
    <subfield code="a">Bibliograf&#xED;a : hojas 56-59</subfield>
  </datafield>
  <datafield tag="520" ind1="3" ind2=" ">
    <subfield code="a">Con el objetivo de determinar en los h&#xED;bridos de Ma&#xED;ces de Calidad Proteinica H-553C y H- 365C el efecto de las variaciones en la dosis de fertilizaci&#xF3;n y densidad de poblaci&#xF3;n sobre el contenido de proteina del endospermo del grano y la calidad de la misma, en t&#xE9;rminos de contenido de lisina y triptofano, se emple&#xF3; una Matriz Central Compuesta, cuasi-rotable y cuasi-homogenea, lotificada a un tercio. Se estudiaron los niveles: Nitr&#xF3;geno; 40, 80, 120, 160 y 200 Kg ha"', F&#xF3;sforo; 0, 40, 80, 120 y 160 Kg ha", Potasio; 0, 30, 60, 90 y 120 Kg ha" y Densidad de Poblaci&#xF3;n; 40 000, 50 000, 60 000, 70 000 y 80 000 plantas ha'. Se determinaron diferencias en cuanto al contenido de lisina, triptofano y prote&#xED;na, y rendimiento de grano entre los hibridos, teniendo ventajas el H-553C. Se encontr&#xF3; que el aumento conjunto del nitr&#xF3;geno y densidad de poblaci&#xF3;n incrementa el contenido de lisina en el endospermo, asi como el contenido de triptofano en el H-365C. El incremento conjunto del fosforo y la densidad de poblaci&#xF3;n aumenta el contenido de lisina en el endospermo del H-553C e incrementa el rendimiento de lisina en ambos genotipos; esta misma interacci&#xF3;n aumenta el contenido de proteina en el endospermo de ambos genotipos, lo que produce un incremento en la producci&#xF3;n de proteina por hect&#xE1;rea. El aumento conjunto del nitr&#xF3;geno y f&#xF3;sforo disminuye el contenido de triptofano en ambos genotipos. El aumento de la dosis de fosforo eleva el contenido de prote&#xED;na en el H-553C, as&#xED; como la producci&#xF3;n de prote&#xED;na por hect&#xE1;rea. EI incremento de la densidad de poblaci&#xF3;n aumenta la producci&#xF3;n de lisina, de triptofano y de prote&#xED;na por hect&#xE1;rea, debido al incremento que ocasiona sobre el rendimiento de grano, pero disminuye el contenido de lisina y de proteina en el endospermo del grano. La combinaci&#xF3;n de factores equivalente al tratamiento &#xF3;ptimo econ&#xF3;mico basado en la producci&#xF3;n de grano corresponde a: 58-91-12-71 (N-P2Os-K2O-Densidad de Poblaci&#xF3;n) para el H-553C, mientras que para el H-365C corresponde al 47-92-28-73; con un ingreso neto de $4 712.11 y $5 624.22, y un rendimiento de grano de 8.01 y 8.8 ton ha", respectivamente. El m&#xE1;ximo contenido de triptofano se obtiene con la combinaci&#xF3;n 186-26-57-47, con un ingreso neto de $1770.84 y un rendimiento de grano de 6.02 ton ha' para el H-553C, y para el H-365C con la combinacion 186-26-60-73, con un ingreso neto de $4 602.86 y rendimiento de grano de 8.51 ton ha'. Sin embargo, el m&#xE1;ximo contenido de lisina se encontr&#xF3; con la combinaci&#xF3;n 75-33-78-42, con un ingreso neto de $893.15 y un rendimiento de grano de 4,86 ton ha', para el H-553C, y para el H-365C con el tratamiento 55-60-52 42, con un ingreso neto de $2 454.33 y un rendimiento de 6.01 </subfield>
  </datafield>
  <datafield tag="520" ind1="3" ind2=" ">
    <subfield code="a">ton ha"'. A Composite Central design, quasi-rotable and quasi-homogeneus blocked to a third was used with the objective of determining the effect of fertilizer and plant density rates on the content of lysine and tryptophan in the endosperm of QPM hybrids H-553C y H-365C. Rates studied were: 40, 80, 120, 160 and 200 Kg ha"' for Nitrogen; 0, 40, 80, 120 and 160 Kg ha"' for Phosphorus; 0, 30, 60, 90 and 120 Kg ha" for Potassium and Plant Density 40 000, 50 000, 60 000, 70 000 and 80 000 plants ha'. Differences in the lysine and tryptophan content, protein content and grain yield were determined for both hybrids. The combined increment of nitrogen and plant density increases the lysine content in the endosperm, and tryptophan content in the H-365C hybrid. The whole increment of phosphorus and plant density increases the lysine content in the endosperm of H-553C, and increases the lysine yield in both hybrids; also increases the protein content in the endosperm, which produces and increment in yield of protein. The combined increment of nitrogen and phosphorus diminishes the tryptophan content in both hybrids; but increment of phosphorus rates increases the protein content in the H-553C hybrid, and the yield of protein. The increment of the plant density increases the yield of lysine, yield of tryptophan and yield of protein by the increment that causes on the grain yield, but diminishes the lysine and protein content in the grain endosperm. The optimum treatments that considered yield only for both hybrids were: 58-91-12-71 (N-P2O5-K20- Plant Density) for H-553C and 47 92-28-73 for H- 365C, with a net income $4 712.11 and $5 624.22, and yield of grain of 8.01 and 8.8 ton ha', respectively. Maximum tryptophan content in the endosperm was associated whit treatment 186-26-57- 47, with a net income $1770.84 and yield of grain of 6.02 ton ha' for H-553C, and 186 26-60-73, whit a net income $4 602.86 and yield of grain 8.51 ton ha' for H-365C. Maximum content of lysine was obtained whit treatment 75-33-78-42, whit a net income $893.15 and yield of grain of 4.86 ton ha"' in H-553C, and 55-60-52-42, whit a net income $2 454.33 and yield of grain 6.01 ton ha' for H-365C.</subfield>
  </datafield>
  <datafield tag="650" ind1="1" ind2="3">
    <subfield code="a">Corn  </subfield>
    <subfield code="2">atg</subfield>
  </datafield>
  <datafield tag="650" ind1="1" ind2="3">
    <subfield code="a">Corn protein  </subfield>
    <subfield code="2">atg</subfield>
  </datafield>
  <datafield tag="650" ind1="1" ind2="3">
    <subfield code="a">Corn</subfield>
    <subfield code="x">Fertilizers</subfield>
    <subfield code="2">atg</subfield>
  </datafield>
  <datafield tag="650" ind1="1" ind2="3">
    <subfield code="a">Corn</subfield>
    <subfield code="x">Sensory evaluation  </subfield>
    <subfield code="2">atg</subfield>
  </datafield>
  <datafield tag="650" ind1="1" ind2="3">
    <subfield code="a">Lisina</subfield>
    <subfield code="2">atg</subfield>
  </datafield>
  <datafield tag="650" ind1="1" ind2="3">
    <subfield code="a">Ma&#xED;z</subfield>
    <subfield code="2">atg</subfield>
  </datafield>
  <datafield tag="650" ind1="1" ind2="3">
    <subfield code="a">Maiz</subfield>
    <subfield code="x"> Fertilizantes  </subfield>
    <subfield code="2">atg</subfield>
  </datafield>
  <datafield tag="650" ind1="1" ind2="3">
    <subfield code="a">Ma&#xED;z</subfield>
    <subfield code="x">Evaluaci&#xF3;n sensorial de los alimentos  </subfield>
    <subfield code="2">atg</subfield>
  </datafield>
  <datafield tag="650" ind1="1" ind2="3">
    <subfield code="a">Prote&#xED;na de ma&#xED;z  </subfield>
    <subfield code="2">atg</subfield>
  </datafield>
  <datafield tag="650" ind1="1" ind2="3">
    <subfield code="a">Triptofan  </subfield>
    <subfield code="2">atg</subfield>
  </datafield>
  <datafield tag="650" ind1="1" ind2="3">
    <subfield code="a">Tryptophan</subfield>
    <subfield code="2">atg</subfield>
  </datafield>
  <datafield tag="700" ind1="1" ind2=" ">
    <subfield code="a">Gonz&#xE1;lez Cruz, Alberto</subfield>
  </datafield>
  <datafield tag="700" ind1="1" ind2=" ">
    <subfield code="a">V&#xE1;zquez Carrillo, Ma. Gricelda</subfield>
    <subfield code="e">directora</subfield>
  </datafield>
  <datafield tag="700" ind1="1" ind2=" ">
    <subfield code="a">Buend&#xED;a Gonz&#xE1;lez, Mar&#xED;a Ofelia</subfield>
    <subfield code="e">asesora</subfield>
  </datafield>
  <datafield tag="700" ind1="1" ind2=" ">
    <subfield code="a">Castillo Merino, Jorge</subfield>
    <subfield code="e">asesor</subfield>
  </datafield>
  <datafield tag="901" ind1=" " ind2=" ">
    <subfield code="a">TESIS E83 2001</subfield>
  </datafield>
  <datafield tag="902" ind1=" " ind2=" ">
    <subfield code="a">M</subfield>
  </datafield>
  <datafield tag="905" ind1=" " ind2=" ">
    <subfield code="a">5232272001                          mx nm  8223123322spa16</subfield>
  </datafield>
  <datafield tag="942" ind1=" " ind2=" ">
    <subfield code="c">TESIS</subfield>
    <subfield code="2">Clasificaci&#xF3;n Universidad Aut&#xF3;noma Chapingo</subfield>
  </datafield>
  <datafield tag="999" ind1=" " ind2=" ">
    <subfield code="c">171257</subfield>
    <subfield code="d">171257</subfield>
  </datafield>
  <datafield tag="952" ind1=" " ind2=" ">
    <subfield code="0">0</subfield>
    <subfield code="1">0</subfield>
    <subfield code="2">local</subfield>
    <subfield code="4">0</subfield>
    <subfield code="5">1</subfield>
    <subfield code="7">0</subfield>
    <subfield code="8">TESIS</subfield>
    <subfield code="a">IA_</subfield>
    <subfield code="b">IA_</subfield>
    <subfield code="d">2022-01-18</subfield>
    <subfield code="e">El autor</subfield>
    <subfield code="l">0</subfield>
    <subfield code="o">Tesis E83 2001</subfield>
    <subfield code="p">1101011475</subfield>
    <subfield code="r">2026-02-02 00:00:00</subfield>
    <subfield code="t">Ej.1</subfield>
    <subfield code="w">2022-01-18</subfield>
    <subfield code="y">TESIS</subfield>
  </datafield>
  <datafield tag="952" ind1=" " ind2=" ">
    <subfield code="0">0</subfield>
    <subfield code="1">0</subfield>
    <subfield code="2">local</subfield>
    <subfield code="4">0</subfield>
    <subfield code="5">5</subfield>
    <subfield code="7">0</subfield>
    <subfield code="8">TESIS</subfield>
    <subfield code="a">IA_</subfield>
    <subfield code="b">IA_</subfield>
    <subfield code="d">2022-01-18</subfield>
    <subfield code="e">El autor</subfield>
    <subfield code="l">0</subfield>
    <subfield code="o">Tesis E83 2001</subfield>
    <subfield code="p">1101011920</subfield>
    <subfield code="r">2026-02-02 00:00:00</subfield>
    <subfield code="t">Ej.2</subfield>
    <subfield code="w">2022-01-18</subfield>
    <subfield code="y">TESIS</subfield>
  </datafield>
</record>
